00330 a2200133 450000100060000002000180000604000220002410000210004624000290006724500240009630000080012036200090012865000590013759964 a9783126755825 cAnchieta - Pituba aEinhorn, Àgnes10aDeutsch mit grips 1lpor10aDeutsch mit grips 1 a1680 a2007 4aLínguas germânicas (teutônicas) língua alemã